Má mať jednu vec A TO JE nádej

Bibliographic Details
Main Authors: Tanská, Nataša, 1929-2014 (Author, Interviewer), Blažková, Jaroslava, 1933-2017 (Author)
Format: Article
Language:Slovak
Subjects:

MARC

LEADER 00000nab a2200000uu 4500
001 vtls011505952
003 SK-MaSNL
005 20260304030013.0
008 250310|1965 xo |||||||||||||||||slo|
015 |a SNBRB 
035 |a (urnnbn)urn:nbn:sk:snk:ar-a0bsxm 
035 |a (uuid)e4d31f83-3935-40ad-a5b3-195e6ee529be 
035 |a urn:nbn:sk:snk-abdz90 
040 |a SNKBUCL  |b slo  |c SNKBUCL  |e AACR2 
041 0 |a slo 
044 |a xo  |c SK 
100 1 |a Tanská, Nataša,  |d 1929-2014  |4 aut  |4 ivr  |9 158275 
245 1 0 |a Má mať jednu vec A TO JE nádej  |c Jaroslava Blažková, N. Tanská 
600 1 7 |a Blažková, Jaroslava,  |d 1933-2017  |2 SNKMA  |9 94254 
655 7 |a rozhovory  |2 SNKPH  |9 31831 
700 1 |a Blažková, Jaroslava,  |d 1933-2017  |4 aut  |4 ive  |9 94254 
773 0 |t Zlatý máj : kritická revue tvorby pro mládež  |g Roč. 9, č. 4 (1965), s. [152]-[153] 
958 |a OND 
958 |a article20 
999 |c 2631113  |d 2633043